| 000 | 00365nam a22001577a 4500 | ||
|---|---|---|---|
| 005 | 20180319115149.0 | ||
| 008 | 160625b xxu||||| |||| 00| 0 eng d | ||
| 020 | _a81-7188-294-3 | ||
| 041 | _aeng | ||
| 082 |
_b10086 _a336.205 |
||
| 245 | _aIndia's Tax Reforms | ||
| 260 |
_bAcademic Foundation _c2003 |
||
| 300 | _a604 | ||
| 650 |
_aManagement _9241 |
||
| 942 | _cBK | ||
| 999 |
_c4036 _d4035 |
||